Statistics for 🎬 Harry Potter Characters Quiz 🎬

Click here to take the quiz!

General Stats

  • This quiz has been taken 174 times
  • The average score is 112 of 160

Answer Stats

First NameLast Name% Correct
SiriusBlack
95%
RemusLupin
93%
DracoMalfoy
92%
HarryPotter
92%
AlbusDumbledore
91%
BillWeasley
91%
CharlieWeasley
91%
ChoChang
91%
FredWeasley
91%
GeorgeWeasley
91%
HermioneGranger
91%
JamesPotter
91%
LilyPotter
91%
LuciusMalfoy
91%
LunaLovegood
91%
NevilleLongbottom
91%
RonWeasley
91%
ArthurWeasley
90%
DudleyDursley
90%
BellatrixLestrange
89%
GinnyWeasley
89%
HannahAbbott
89%
CedricDiggory
88%
FleurDelacour
88%
MollyWeasley
88%
NarcissaMalfoy
88%
PercyWeasley
88%
PetuniaDursley
88%
TomRiddle
88%
VernonDursley
88%
MinervaMcGonagall
87%
ViktorKrum
87%
HelgaHufflepuff
86%
KatieBell
86%
OliverWood
86%
RubeusHagrid
86%
SeverusSnape
86%
FrankBryce | Longbottom
85%
GodricGryffindor
85%
NymphadoraTonks
85%
RowenaRavenclaw
85%
SalazarSlytherin
85%
SeamusFinnigan
85%
ArianaDumbledore
84%
PeterPettigrew
84%
RegulusBlack
84%
AliceLongbottom
83%
ColinCreevey
83%
VincentCrabbe Jr. | Crabbe Sr.
83%
GilderoyLockhart
82%
IgorKarkaroff
82%
LeeJordan
82%
RitaSkeeter
82%
AlastorMoody
81%
DoloresUmbridge
81%
LavenderBrown
81%
SusanBones
81%
TedTonks
81%
AmosDiggory
80%
BathildaBagshot
80%
DeanThomas
80%
FiliusFlitwick
80%
HelenaRavenclaw
80%
PansyParkinson
80%
ParvatiPatil
80%
XenophiliusLovegood
80%
AberforthDumbledore
78%
CorneliusFudge
78%
GabrielleDelacour
78%
GregoryGoyle
78%
PadmaPatil
78%
SybillTrelawney
78%
ArgusFilch
77%
FenrirGreyback
77%
KingsleyShacklebolt
77%
PenelopeClearwater
76%
AngelinaJohnson
75%
BlaiseZabini
75%
JustinFinch-Fletchley
75%
LudoBagman
75%
DennisCreevey
74%
HoraceSlughorn
74%
MarcusFlint
74%
MarvoloGaunt
74%
CormacMcLaggen
72%
NewtScamander
72%
OlympeMaxime
72%
PoppyPomfrey
72%
GellertGrindelwald
71%
MillicentBulstrode
71%
ArabellaFigg
70%
AugustaLongbottom
70%
QuirinusQuirell
68%
AlectoCarrow
67%
AmycusCarrow
67%
ErnieMacmillan
67%
RufusScrimgeour
67%
ScorpiusMalfoy
66%
AndromedaTonks
65%
PomonaSprout
65%
AmeliaBones
64%
CharityBurbage
64%
GarrickOlivander
64%
MundungusFletcher
64%
RodolphusLestrange
64%
TerryBoot
64%
AliciaSpinnet
63%
MeropeGaunt
63%
AntoninDolohov
60%
DedalusDiggle
59%
ElphiasDoge
59%
MaryCattermole
59%
MichaelCorner
59%
RolandaHooch
59%
RomildaVane
59%
RoseWeasley
59%
ZachariasSmith
59%
IgnotusPeverell
58%
MorfinGaunt
58%
HugoWeasley
56%
MarjorieDursley
56%
ReginaldCattermole
56%
PhineasBlack
55%
PiusThicknesse
55%
AstoriaGreengrass
54%
BartemiusCrouch Jr. | Crouch Sr.
54%
BerthaJorkins
54%
CuthbertBinns
54%
MariettaEdgecombe
54%
StanleyShunpike
54%
TheodoreNott
54%
RogerDavies
52%
MafaldaHopkirk
51%
AnthonyGoldstein
49%
AugustusRookwood
48%
WilhelminaGrubby-Plank
47%
AntiochPeverell
46%
AuroraSinistra
46%
CadmusPeverell
46%
RabastanLestrange
46%
BobOdgen
44%
AlbertRuncorn
43%
DirkCresswell
43%
WaldenMacnair
42%
IrmaPince
41%
JohnDawlish
41%
HepzibahSmith
40%
FloreanFortescue
38%
SturgisPodmore
36%
EmmelineVance
34%
SeptimaVector
34%
DemelzaRobins
30%
GriseldaMarchbanks
29%
MyrtleWarren
27%
GrahamMontague
20%
WilkyTwycross
19%
EdwardLupin
18%

Score Distribution

Percentile by Number Answered

Percent of People with Each Score

Your Score History

You have not taken this quiz